Catalog

Record Details

Catalog Search



Available copies

  • 2 of 2 copies available at LARL/NWRL Consortium.
  • 2 of 2 copies available at Lake Agassiz Regional Library. (Show preferred library)

Current holds

0 current holds with 2 total copies.

Show Only Available Copies
Location Call Number / Copy Notes Barcode Shelving Location Status Due Date
Fosston Public Library SF OKO (Text) 33500014088959 Main Available -
Moorhead Public Library SF OKO (Text) 33500014088942 Main Available -

Record details

  • ISBN: 9780063112681
  • ISBN: 006311268X
  • Physical Description: 524 pages : map ; 24 cm.
  • Edition: First edition.
  • Publisher: New York, NY : Harper Voyager, an imprint of HarperCollinsPublishers, [2024]

Content descriptions

Summary, etc.:
With the end of Alistair Sorenson's tyrannical ... Read More
Subject: Mothers > Death > Fiction.
Magic > Fiction.
Betrayal > Fiction.
Survival > Fiction.
Mythology, African > Fiction.
Kidnapping > Fiction.
Kings and rulers > Fiction.
Genre: Fantasy fiction.
Romance fiction.
Love stories.
Fantasy fiction.
Novels.
Romance fiction.
LDR 03418cam a2200529 i 4500
001436000
003LARL_NWRL_CONSORTIUM
00520241104180431.0
008241011s2024 nyub 000 1 eng d
040 . ‡aSRB ‡beng ‡erda ‡cSRB ‡dOCLCO ‡dBDX ‡dYU6 ‡dIUK ‡dIMD
020 . ‡a9780063112681 ‡q(hardcover)
020 . ‡a006311268X ‡q(hardcover)
035 . ‡a(OCoLC)1460322753
1001 . ‡aOkosun, Ehigbor, ‡eauthor.
24510. ‡aExiled by iron / ‡cEhigbor Okosun.
250 . ‡aFirst edition.
264 1. ‡aNew York, NY : ‡bHarper Voyager, an imprint of HarperCollinsPublishers, ‡c[2024]
300 . ‡a524 pages : ‡bmap ; ‡c24 cm.
336 . ‡atext ‡btxt ‡2rdacontent
337 . ‡aunmediated ‡bn ‡2rdamedia
338 . ‡avolume ‡bnc ‡2rdacarrier
4900 . ‡aTainted blood ; ‡v2
520 . ‡aWith the end of Alistair Sorenson's tyrannical reign, Dèmi has accepted Jonas's proposal to rule as his Queen with hopes to finally free her people, the magical Oluso. Yet social prejudice, corrupt council members, and the continued distrust of the nonmagical Ajès throughout the kingdom prove seemingly implacable obstacles. To make matters worse, Dèmi struggles to control her newly awakened iron blood magic. As Ekwensi's rebel army, led in part by Colin, her best friend and one-time lover, become more triumphant in their mission, war seems inevitable. Before long, a new evil appears that hunts Oluso and Ajè alike, promising desolation on a larger level than ever before. When the failed assassination puts the life of Dèmi's loved one in danger as well as the future of the Oluso into question, Dèmi embarks on a treacherous journey to find an ancestral spirit whose aid could tip the scales in her favor. Whether her new powers will destroy the kingdom or heal the blood-soaked rifts that have pulled it apart, she does not know. Beyond the battles of swords and magic, there is the battle for Dèmi's heart. Jonas, the former enemy prince, has divided loyalties despite his love for Dèmi. And Ekwensi and Colin have every intention of winning her to their side, while a past pledge hangs over Dèmi's head. Dèmi is caught between the kingdom, her people, and the spirits, and must decide what sacrifices she is willing to make for peace, and whether she can outrun the greatest danger that constantly puts her in peril, her own heart. Only one thing is for certain? There will be blood.
650 0. ‡aMothers ‡xDeath ‡vFiction. ‡0(LARL_NWRL_CONSORTIUM)166023
650 0. ‡aMagic ‡vFiction. ‡0(LARL_NWRL_CONSORTIUM)165984
650 0. ‡aBetrayal ‡vFiction. ‡0(LARL_NWRL_CONSORTIUM)163690
650 0. ‡aSurvival ‡vFiction.
650 0. ‡aMythology, African ‡vFiction.
650 0. ‡aKidnapping ‡vFiction. ‡0(LARL_NWRL_CONSORTIUM)165838
650 0. ‡aKings and rulers ‡vFiction. ‡0(LARL_NWRL_CONSORTIUM)165843
655 0. ‡aFantasy fiction.
655 0. ‡aRomance fiction.
655 0. ‡aLove stories.
655 7. ‡aFantasy fiction. ‡2lcgft
655 7. ‡aNovels. ‡2lcgft
655 7. ‡aRomance fiction. ‡2lcgft
901 . ‡a436000 ‡bOCoLC ‡c436000 ‡tbiblio ‡soclc

Additional Resources